[Event "24th Klatovy A 2016"]
[Site "Klatovy CZE"]
[Date "2016.07.07"]
[Round "6.43"]
[White "Brock, Ditmar"]
[Black "Hlozek, David"]
[Result "1-0"]
[WhiteElo "1931"]
[BlackElo "1677"]
[PlyCount "103"]
[EventDate "2016.07.02"]
[EventType "swiss"]
[EventRounds "9"]
[EventCountry "CZE"]

1. Nf3 c5 2. e4 d6 3. Bb5+ Nd7 4. O-O a6 5. Bxd7+ Bxd7 6. d4 cxd4 7. Nxd4 Nf6 8. Re1 e5 9. Nb3 Be7 10. c4 Be6 11. N3d2 O-O 12. Nc3 Rc8 13. Nd5 Nxd5 14. exd5 Bf5 15. Qe2 Qc7 16. b3 Bf6 17. Bb2 Qc5 18. Ne4 Bxe4 19. Qxe4 Rc7 20. Qe3 Qa5 21. Bc3 Qa3 22. Qd2 a5 23. Bxa5 Rd7 24. Bb4 Qa6 25. a4 b6 26. Bc3 Re8 27. Re2 g6 28. f4 Rde7 29. Rae1 Bg7 30. fxe5 Bxe5 31. Bxe5 Rxe5 32. Rxe5 Rxe5 33. Rxe5 dxe5 34. d6 Qc8 35. d7 Qd8 36. Qd6 f6 37. b4 Kf7 38. c5 bxc5 39. bxc5 e4 40. Kf1 e3 41. c6 e2+ 42. Kxe2 f5 43. c7 Qa8 44. d8=N+ Kg7 45. Qe7+ Kh6 46. Qh4+ Kg7 47. Qd4+ Kh6 48. Nf7+ Kh5 49. Kf2 Qb7 50. Qd1+ Kh4 51. g3+ Kh3 52. Ng5+ 1-0

[Event "24th Klatovy A 2016"]
[Site "Klatovy CZE"]
[Date "2016.07.07"]
[Round "6.44"]
[White "Kantor, Jozef"]
[Black "Mackova, Veronika"]
[Result "1-0"]
[WhiteElo "1880"]
[BlackElo "1902"]
[PlyCount "147"]
[EventDate "2016.07.02"]
[EventType "swiss"]
[EventRounds "9"]
[EventCountry "CZE"]

1. e4 e5 2. Nf3 Nc6 3. Bb5 a6 4. Ba4 Nge7 5. c3 b5 6. Bb3 Na5 7. Bc2 d6 8. O-O g6 9. Re1 Bg7 10. d3 O-O 11. Nbd2 c5 12. Nf1 Nac6 13. Ng3 f5 14. Bb3+ Kh8 15. Ng5 Qe8 16. exf5 Nxf5 17. Nxf5 Bxf5 18. a4 Rc8 19. axb5 axb5 20. Bd5 Ne7 21. Bf3 h6 22. Ne4 Bxe4 23. dxe4 Qc6 24. Be3 Ra8 25. Qd2 Kh7 26. h4 Ng8 27. Rxa8 Rxa8 28. Rd1 Rd8 29. b3 Nf6 30. Qc2 Bf8 31. g4 Ra8 32. g5 hxg5 33. hxg5 Nd7 34. c4 Nb6 35. Kg2 bxc4 36. Rh1+ Kg8 37. bxc4 Qa4 38. Qb1 Nxc4 39. Bc1 Qb4 40. Qd3 Nb6 41. Bg4 Re8 42. Qh3 Bg7 43. Be6+ Kf8 44. Qf3+ Ke7 45. Qf7+ Kd8 46. f3 Qb5 47. Be3 Qe2+ 48. Bf2 Rf8 49. Re1 Rxf7 50. Rxe2 Ra7 51. Rd2 Ke7 52. Bg8 Bf8 53. Rb2 Ra6 54. Be3 Ke8 55. Be6 Be7 56. Kg3 Bd8 57. Kg4 Ke7 58. Bg8 Ra3 59. Bg1 Ra1 60. Be3 Re1 61. Bf2 Rc1 62. Be3 Ra1 63. Rh2 Kf8 64. Be6 Kg7 65. Rd2 Bc7 66. f4 Re1 67. Kf3 Rf1+ 68. Kg2 Re1 69. Kf2 Rc1 70. f5 gxf5 71. exf5 Nc4 72. f6+ Kf8 73. Ra2 Nb6 74. Bxc1 1-0

[Event "24th Klatovy A 2016"]
[Site "Klatovy CZE"]
[Date "2016.07.07"]
[Round "6.45"]
[White "Svoboda, Jaroslav2"]
[Black "Palla, Rostislav"]
[Result "1/2-1/2"]
[WhiteElo "1711"]
[BlackElo "1736"]
[PlyCount "119"]
[EventDate "2016.07.02"]
[EventType "swiss"]
[EventRounds "9"]
[EventCountry "CZE"]

1. d4 d5 2. Nf3 Nf6 3. h3 h6 4. Bf4 Bf5 5. Nbd2 e6 6. e3 Bd6 7. Ne5 O-O 8. c4 Nbd7 9. c5 Be7 10. b4 Nxe5 11. Bxe5 c6 12. a4 Re8 13. f3 Nd7 14. Bh2 Bh4+ 15. g3 Bf6 16. f4 Be7 17. Bg2 Nf6 18. O-O Kh8 19. Nf3 Nd7 20. Ra2 Be4 21. g4 f5 22. g5 Bxf3 23. Qxf3 hxg5 24. Qh5+ Kg8 25. fxg5 Bxg5 26. Bf4 Bxf4 27. Rxf4 Qf6 28. Rh4 Nf8 29. Bf3 Qg6+ 30. Rg2 Qxh5 31. Bxh5 Re7 32. b5 e5 33. Rb2 exd4 34. exd4 Re4 35. Rxe4 fxe4 36. a5 Ne6 37. a6 Nxd4 38. bxc6 bxc6 39. Rb7 Nb5 40. Bf7+ Kf8 41. Be6 Rd8 42. Rf7+ Ke8 43. Rxg7 d4 44. h4 d3 45. Rg8+ Ke7 46. Rxd8 Kxd8 47. Kf2 Ke7 48. Bf5 Nc3 49. Ke3 Kf6 50. Bd7 Nd5+ 51. Kd2 Ne7 52. h5 Kg5 53. h6 Kf6 54. h7 Kg7 55. Ke3 Nd5+ 56. Kd2 Nb4 57. Bf5 Nxa6 58. Bxe4 Nxc5 59. Bxc6 Kxh7 60. Bb5 1/2-1/2

[Event "24th Klatovy A 2016"]
[Site "Klatovy CZE"]
[Date "2016.07.08"]
[Round "7.1"]
[White "Neuman, Petr"]
[Black "Hollan, Petr"]
[Result "1-0"]
[WhiteElo "2446"]
[BlackElo "2263"]
[PlyCount "63"]
[EventDate "2016.07.02"]
[EventType "swiss"]
[EventRounds "9"]
[EventCountry "CZE"]

1. e4 c5 2. Nc3 Nc6 3. Bb5 d6 4. Bxc6+ bxc6 5. f4 g6 6. d3 Bg7 7. Nf3 Rb8 8. O-O Nf6 9. Qe1 O-O 10. b3 c4 11. bxc4 Ng4 12. Bd2 Rb2 13. h3 Nf6 14. Rb1 Rxb1 15. Qxb1 d5 16. e5 Ne8 17. cxd5 cxd5 18. Qb4 Nc7 19. Be3 Na6 20. Qb5 e6 21. Bxa7 f6 22. Bd4 fxe5 23. Nxe5 g5 24. Ne2 Qc7 25. Qb2 gxf4 26. Rxf4 Rxf4 27. Nxf4 Nb4 28. Qxb4 Bxe5 29. Bxe5 Qxe5 30. Qd2 Qg5 31. d4 Ba6 32. Qe3 1-0

[Event "24th Klatovy A 2016"]
[Site "Klatovy CZE"]
[Date "2016.07.08"]
[Round "7.2"]
[White "Ratsma, Midas"]
[Black "Kovar, Vojtech"]
[Result "0-1"]
[WhiteElo "2171"]
[BlackElo "2358"]
[PlyCount "92"]
[EventDate "2016.07.02"]
[EventType "swiss"]
[EventRounds "9"]
[EventCountry "CZE"]

1. d4 Nf6 2. Bg5 e6 3. e4 h6 4. Bxf6 Qxf6 5. c3 d6 6. Bd3 e5 7. Ne2 Qd8 8. O-O Be7 9. f4 O-O 10. Nd2 exd4 11. cxd4 c5 12. d5 Bg4 13. Qb3 Nd7 14. Ng3 Bf6 15. Nc4 Bd4+ 16. Kh1 Nf6 17. Qxb7 Bd7 18. Nxd6 Rb8 19. Qxa7 Ra8 20. Qb7 Rb8 21. Qa6 Rb6 22. Qa5 Rxd6 23. Qxd8 Rxd8 24. e5 Rb6 25. exf6 Rxb2 26. fxg7 Rd2 27. Rad1 Rxa2 28. Bf5 Bb5 29. Rfe1 Bxg7 30. d6 Bc3 31. Rg1 Bd4 32. Bb1 Rb2 33. Nf5 Bxg1 34. Kxg1 Kf8 35. Be4 Rb4 36. Bf3 Rxf4 37. Rd5 Bd7 38. Ne7 Rc4 39. Rh5 Kg7 40. Bd5 Rc1+ 41. Kf2 Be6 42. Nf5+ Kg6 43. g4 Bxf5 44. Rxf5 Rxd6 45. Bxf7+ Kg7 46. Bd5 Rf6 0-1

[Event "24th Klatovy A 2016"]
[Site "Klatovy CZE"]
[Date "2016.07.08"]
[Round "7.3"]
[White "Hausner, Ivan"]
[Black "Hurdzan, Tomas"]
[Result "1/2-1/2"]
[WhiteElo "2345"]
[BlackElo "2208"]
[PlyCount "53"]
[EventDate "2016.07.02"]
[EventType "swiss"]
[EventRounds "9"]
[EventCountry "CZE"]

1. c4 e6 2. g3 d5 3. Bg2 Nf6 4. Nf3 Be7 5. O-O O-O 6. d4 dxc4 7. Ne5 Nc6 8. Nxc6 bxc6 9. Na3 Bxa3 10. bxa3 Ba6 11. Bxc6 Rb8 12. Bf3 Qd7 13. Bg5 Rb2 14. Qc1 Rfb8 15. Bxf6 gxf6 16. Qf4 Qe7 17. Rfc1 Kg7 18. Rc3 Rb1+ 19. Rxb1 Rxb1+ 20. Kg2 Rb2 21. Qg4+ Kh8 22. Qh4 Kg7 23. Be4 h6 24. Qg4+ Kh8 25. Qf4 Kg7 26. Qg4+ Kh8 27. Qh4 1/2-1/2

[Event "24th Klatovy A 2016"]
[Site "Klatovy CZE"]
[Date "2016.07.08"]
[Round "7.4"]
[White "Jurek, Josef"]
[Black "Palek, Miroslav"]
[Result "1-0"]
[WhiteElo "2296"]
[BlackElo "2187"]
[PlyCount "29"]
[EventDate "2016.07.02"]
[EventType "swiss"]
[EventRounds "9"]
[EventCountry "CZE"]

1. Nf3 d6 2. d4 Bg4 3. c4 Nd7 4. Nc3 g6 5. Ng5 Nb6 6. h3 Bd7 7. c5 Nc8 8. Qb3 e6 9. Qxb7 Nge7 10. Qxa8 Nc6 11. Be3 Be7 12. Nf3 O-O 13. Qb7 f5 14. Bh6 Rf7 15. Bc1 1-0

[Event "24th Klatovy A 2016"]
[Site "Klatovy CZE"]
[Date "2016.07.08"]
[Round "7.5"]
[White "Vyprachticky, David"]
[Black "Toman, Ondrej"]
[Result "1-0"]
[WhiteElo "2246"]
[BlackElo "2197"]
[PlyCount "117"]
[EventDate "2016.07.02"]
[EventType "swiss"]
[EventRounds "9"]
[EventCountry "CZE"]

1. c4 Nf6 2. Nc3 g6 3. g3 Bg7 4. Bg2 O-O 5. Nf3 d6 6. O-O e5 7. d4 Nbd7 8. Qc2 c6 9. Rd1 Qb6 10. h3 Re8 11. e4 a5 12. Be3 Qc7 13. Rac1 b6 14. d5 c5 15. Nb5 Qb8 16. Kh2 Ba6 17. Nd2 h5 18. Bf3 Nh7 19. g4 hxg4 20. hxg4 Bf6 21. Be2 Ng5 22. Nf3 Nxf3+ 23. Bxf3 Bxb5 24. cxb5 Kg7 25. Kg2 Rh8 26. Rh1 Qc7 27. Rhg1 Rh4 28. a3 Qd8 29. Rh1 g5 30. Rxh4 gxh4 31. Qd2 Kg6 32. g5 Bxg5 33. Rg1 f6 34. Kh2 Nf8 35. Bd1 Nh7 36. Qe2 Kg7 37. Qh5 Kh8 38. Qf7 Rc8 39. Bg4 Rc7 40. Qh5 Bxe3 41. fxe3 Rg7 42. Bf5 Qe7 43. Qxh4 Rxg1 44. Kxg1 Kg8 45. Bxh7+ Qxh7 46. Qxf6 Qxe4 47. Qe6+ Kg7 48. Qe7+ Kg6 49. Qxd6+ Kh5 50. Kf2 Qh4+ 51. Kg2 Qe4+ 52. Kf2 Qh4+ 53. Kg2 Qg5+ 54. Kf2 Kh4 55. Qe6 c4 56. Qf7 Qg3+ 57. Ke2 Qg4+ 58. Qf3 Qg6 59. Qh1+ 1-0

[Event "24th Klatovy A 2016"]
[Site "Klatovy CZE"]
[Date "2016.07.08"]
[Round "7.6"]
[White "Lacina, Adolf"]
[Black "Kopta, Pavel"]
[Result "1-0"]
[WhiteElo "2167"]
[BlackElo "2235"]
[PlyCount "53"]
[EventDate "2016.07.02"]
[EventType "swiss"]
[EventRounds "9"]
[EventCountry "CZE"]

1. e4 c5 2. Nf3 d6 3. d4 cxd4 4. Nxd4 Nf6 5. Nc3 g6 6. Be3 Bg7 7. f3 Nc6 8. Qd2 O-O 9. O-O-O Nxd4 10. Bxd4 Be6 11. Kb1 a6 12. h4 b5 13. h5 b4 14. Nd5 Bxd5 15. exd5 Qa5 16. hxg6 fxg6 17. Bc4 Rac8 18. Qe2 Rc7 19. g4 Rf7 20. Bxa6 Nxd5 21. Bc4 Nc3+ 22. bxc3 e5 23. Be3 bxc3 24. Bb3 e4 25. Rxd6 Rb7 26. Qc4 Bf8 27. Rf6 1-0

[Event "24th Klatovy A 2016"]
[Site "Klatovy CZE"]
[Date "2016.07.08"]
[Round "7.7"]
[White "Turner, Jan"]
[Black "Filipi, Stepan"]
[Result "1-0"]
[WhiteElo "2387"]
[BlackElo "2164"]
[PlyCount "57"]
[EventDate "2016.07.02"]
[EventType "swiss"]
[EventRounds "9"]
[EventCountry "CZE"]

1. e4 c5 2. c3 Nf6 3. e5 Nd5 4. d4 cxd4 5. Qxd4 e6 6. Nf3 Nc6 7. Qe4 Qc7 8. Bc4 f5 9. Qe2 Nce7 10. O-O a6 11. Bb3 b5 12. Na3 Nb6 13. Nc2 Bb7 14. Ncd4 Bd5 15. Rd1 Nc6 16. Bxd5 Nxd5 17. Nxf5 Nxc3 18. bxc3 exf5 19. a4 b4 20. cxb4 Bxb4 21. Qc4 h6 22. e6 O-O-O 23. Bf4 d6 24. Rac1 Kb7 25. Qd5 Rc8 26. Rb1 Ka7 27. Be3+ Ka8 28. Rxb4 g6 29. Rbb1 1-0

[Event "24th Klatovy A 2016"]
[Site "Klatovy CZE"]
[Date "2016.07.08"]
[Round "7.8"]
[White "Formanek, Martin"]
[Black "Vedral, Oldrich"]
[Result "1/2-1/2"]
[WhiteElo "2227"]
[BlackElo "2289"]
[PlyCount "41"]
[EventDate "2016.07.02"]
[EventType "swiss"]
[EventRounds "9"]
[EventCountry "CZE"]

1. e4 d5 2. exd5 Qxd5 3. Nc3 Qd6 4. d4 Nf6 5. Nf3 a6 6. g3 Bg4 7. h3 Bh5 8. Bg2 Nc6 9. g4 Bg6 10. O-O O-O-O 11. Be3 h5 12. g5 Ne4 13. Nh4 Nxc3 14. bxc3 e5 15. Nxg6 Qxg6 16. Qf3 f6 17. h4 Be7 18. Qh3+ f5 19. Bxc6 Qxc6 20. Qxf5+ Kb8 21. Qh3 1/2-1/2

[Event "24th Klatovy A 2016"]
[Site "Klatovy CZE"]
[Date "2016.07.08"]
[Round "7.9"]
[White "Novotny, Michal"]
[Black "Simunek, Filip"]
[Result "1/2-1/2"]
[WhiteElo "2283"]
[BlackElo "2143"]
[PlyCount "116"]
[EventDate "2016.07.02"]
[EventType "swiss"]
[EventRounds "9"]
[EventCountry "CZE"]

1. d4 Nf6 2. Nf3 e6 3. e3 b6 4. Bd3 Bb7 5. Nbd2 d5 6. O-O c5 7. b3 Nc6 8. a3 Bd6 9. Bb2 Qc7 10. Qe2 O-O 11. dxc5 bxc5 12. c4 Ne5 13. cxd5 exd5 14. Nxe5 Bxe5 15. Bxe5 Qxe5 16. Rac1 Qd6 17. Rfd1 Rfe8 18. Bb5 Re7 19. Nc4 Qc7 20. Nb2 a6 21. Ba4 Qd6 22. h3 Rc8 23. Qf1 h6 24. Rc2 Ne4 25. f3 Ng5 26. Qf2 Qg6 27. Kh1 Qe6 28. Nd3 c4 29. Nf4 Qd6 30. bxc4 Qxa3 31. Nxd5 Bxd5 32. cxd5 Rd8 33. Ra2 Qxe3 34. Qxe3 Rxe3 35. Bc6 Nh7 36. Rxa6 Nf6 37. d6 Kf8 38. Ra8 Rxa8 39. Bxa8 Re8 40. Bc6 Rd8 41. Ba4 Ne8 42. d7 Nf6 43. Kh2 Ke7 44. Re1+ Kf8 45. Kg3 Nxd7 46. Rd1 Ke7 47. Bb3 f6 48. Kf4 Ne5 49. Ra1 Rd7 50. Kf5 g6+ 51. Kf4 Rd4+ 52. Kg3 g5 53. Bc2 h5 54. Ra7+ Kd6 55. Ra6+ Ke7 56. Bb3 h4+ 57. Kf2 Nd3+ 58. Ke3 Nc5 1/2-1/2

[Event "24th Klatovy A 2016"]
[Site "Klatovy CZE"]
[Date "2016.07.08"]
[Round "7.10"]
[White "Dolansky, Lukas"]
[Black "Chalupa, Ivan"]
[Result "0-1"]
[WhiteElo "2102"]
[BlackElo "2175"]
[PlyCount "40"]
[EventDate "2016.07.02"]
[EventType "swiss"]
[EventRounds "9"]
[EventCountry "CZE"]

1. e4 c6 2. d4 d5 3. exd5 cxd5 4. Bd3 Nc6 5. c3 Nf6 6. Ne2 e5 7. dxe5 Nxe5 8. O-O Bc5 9. Bg5 O-O 10. Nf4 Be6 11. Bxf6 Qxf6 12. Qd2 Rad8 13. b4 Bb6 14. Na3 Qh6 15. Rad1 Nf3+ 16. gxf3 Bc7 17. Nh3 Qxh3 18. f4 Qg4+ 19. Kh1 Qf3+ 20. Kg1 Bh3 0-1

[Event "24th Klatovy A 2016"]
[Site "Klatovy CZE"]
[Date "2016.07.08"]
[Round "7.11"]
[White "Taborsky, Rostislav"]
[Black "Zeman, Matyas"]
[Result "1/2-1/2"]
[WhiteElo "2180"]
[BlackElo "2056"]
[PlyCount "205"]
[EventDate "2016.07.02"]
[EventType "swiss"]
[EventRounds "9"]
[EventCountry "CZE"]

1. d4 d5 2. c4 e6 3. Nf3 c6 4. g3 Nf6 5. Bg2 Nbd7 6. O-O Bd6 7. Nc3 O-O 8. Nd2 h6 9. e4 dxe4 10. Ndxe4 Nxe4 11. Nxe4 Nf6 12. Nxd6 Qxd6 13. Bf4 Qb4 14. Qe2 Re8 15. a3 Qb6 16. Be5 Nd7 17. c5 Qd8 18. b4 Nf6 19. Rfe1 Nd5 20. h4 Ne7 21. Rad1 f6 22. Bf4 Nd5 23. Bd2 Bd7 24. Qh5 Re7 25. Re4 Be8 26. Qe2 Bd7 27. Re1 Qe8 28. Bh3 Qf7 29. Bxe6 Bxe6 30. Rxe6 Rxe6 31. Qxe6 Qxe6 32. Rxe6 Kf7 33. Rd6 Ke7 34. Kg2 Rd8 35. Rxd8 Kxd8 36. g4 Ke7 37. Kf3 Ke6 38. Ke4 g5 39. h5 a6 40. f4 Ne7 41. fxg5 fxg5 42. Be1 Ng8 43. Bg3 Nf6+ 44. Kf3 Kd5 45. Be5 Ng8 46. Ke3 Ne7 47. Bg7 Ng8 48. Kd3 Ke6 49. Kc4 Kf7 50. Bh8 Ke6 51. a4 Ne7 52. Bg7 Ng8 53. d5+ cxd5+ 54. Kd4 Kf7 55. Be5 Ne7 56. b5 axb5 57. axb5 Ke6 58. Bg7 Ng8 59. Bh8 Ne7 60. Be5 Nc8 61. Bg7 Na7 62. Bxh6 Nxb5+ 63. Kd3 Kf6 64. Bf8 Kf7 65. Bd6 Kf6 66. Bg3 Kf7 67. Be5 Na7 68. Bb2 Nc6 69. Bc3 Na7 70. Bd2 Nc6 71. Bxg5 Ne5+ 72. Ke3 Nxg4+ 73. Kd4 Nf2 74. Kxd5 Nd3 75. Be3 Kg7 76. Kc4 Ne5+ 77. Kb5 Nd3 78. Bd2 Kh7 79. Kc4 Ne5+ 80. Kd5 Nd3 81. Kd4 Nf2 82. Bg5 Kg7 83. Ke3 Ng4+ 84. Kf3 Ne5+ 85. Ke4 Nc6 86. Bd2 Kh7 87. Kd5 Nb8 88. Bg5 Kg7 89. Bf4 Nc6 90. Be3 Kh7 91. Bf4 Nb4+ 92. Kc4 Nc6 93. Kb5 Nd4+ 94. Kb6 Ne6 95. Be3 Kg7 96. Kb5 Kh7 97. Kc4 Nc7 98. Bf4 Ne6 99. Bd2 Nc7 100. Be3 Kg7 101. Bf4 Ne6 102. Be5+ Kh6 103. Kd5 1/2-1/2

[Event "24th Klatovy A 2016"]
[Site "Klatovy CZE"]
[Date "2016.07.08"]
[Round "7.12"]
[White "Soural, Jan"]
[Black "Turner, Radek"]
[Result "1/2-1/2"]
[WhiteElo "2231"]
[BlackElo "2077"]
[PlyCount "43"]
[EventDate "2016.07.02"]
[EventType "swiss"]
[EventRounds "9"]
[EventCountry "CZE"]

1. d4 Nf6 2. c4 c5 3. d5 e6 4. Nc3 exd5 5. cxd5 d6 6. e4 g6 7. f4 Bg7 8. Bb5+ Nfd7 9. Nf3 O-O 10. O-O Na6 11. Bd3 Nc7 12. a4 a6 13. Kh1 Rb8 14. a5 b5 15. axb6 Rxb6 16. Qe2 Re8 17. Bc4 Rb8 18. h3 Nb6 19. Re1 Nxc4 20. Qxc4 Rb4 21. Qd3 Bd7 22. Qc2 1/2-1/2

[Event "24th Klatovy A 2016"]
[Site "Klatovy CZE"]
[Date "2016.07.08"]
[Round "7.13"]
[White "Bartos, Jan"]
[Black "Van Kempen, Roderick"]
[Result "1-0"]
[WhiteElo "2180"]
[BlackElo "2042"]
[PlyCount "97"]
[EventDate "2016.07.02"]
[EventType "swiss"]
[EventRounds "9"]
[EventCountry "CZE"]

1. d4 e6 2. c4 Nf6 3. Nf3 d5 4. Nc3 dxc4 5. e3 a6 6. Bxc4 b5 7. Be2 Bb7 8. O-O Nbd7 9. b3 Be7 10. Bb2 O-O 11. Rc1 Rc8 12. Qc2 c5 13. Qb1 Qb6 14. Rfd1 Rfd8 15. Qa1 cxd4 16. Nxd4 Bf8 17. Bf3 Nc5 18. Bxb7 Qxb7 19. Nce2 Nd5 20. Nf3 a5 21. Bd4 Qa6 22. Bxc5 Bxc5 23. e4 b4 24. Rxc5 Rxc5 25. Nf4 Qd6 26. g3 Rc3 27. Ne1 Qe5 28. exd5 exd5 29. Rd3 f6 30. Qd1 Re8 31. Nc2 Rec8 32. Rxc3 Rxc3 33. Nxd5 Rxc2 34. Nxf6+ Qxf6 35. Qxc2 Qc3 36. Qe2 h6 37. Qe8+ Kh7 38. Qe4+ Kh8 39. Qa8+ Kh7 40. Qxa5 Qe1+ 41. Kg2 Qe4+ 42. Kh3 Kg6 43. Qb6+ Kh5 44. Qe3 Qb1 45. Kg2 Kg6 46. Qb6+ Kf7 47. Qxb4 Qxa2 48. Qb7+ Kg6 49. b4 1-0

[Event "24th Klatovy A 2016"]
[Site "Klatovy CZE"]
[Date "2016.07.08"]
[Round "7.14"]
[White "Vorisek, Jaroslav"]
[Black "Rosenbaum, Vit"]
[Result "0-1"]
[WhiteElo "2171"]
[BlackElo "2087"]
[PlyCount "94"]
[EventDate "2016.07.02"]
[EventType "swiss"]
[EventRounds "9"]
[EventCountry "CZE"]

1. e4 e6 2. d4 d5 3. Nd2 Nf6 4. e5 Nfd7 5. c3 c5 6. Bd3 Nc6 7. Ne2 cxd4 8. cxd4 f6 9. exf6 Nxf6 10. Nf3 Bd6 11. O-O Qc7 12. Bg5 O-O 13. Rc1 Ng4 14. h3 Rxf3 15. hxg4 Rf7 16. Bb1 g6 17. Be3 Qe7 18. g5 e5 19. dxe5 Qxe5 20. Ng3 Bd7 21. Bc5 Bc7 22. Qd2 d4 23. Bd3 b6 24. Ba3 Qf4 25. Qd1 Bg4 26. Be2 Ne5 27. Rxc7 Rxc7 28. Bd6 Bxe2 29. Qxe2 Rc5 30. Ne4 d3 31. Qe3 Qxe3 32. fxe3 Rd8 33. Nxc5 Rxd6 34. Ne4 Rd8 35. Rc1 Ng4 36. Nd2 Nxe3 37. Rc7 a5 38. Kf2 Nd1+ 39. Kf3 Nxb2 40. Ke4 b5 41. Kf3 Rd5 42. Kf4 Nc4 43. Ne4 d2 44. Nf6+ Kf8 45. Rc8+ Kf7 46. Rc7+ Ke6 47. Ne8 Rd7 0-1

[Event "24th Klatovy A 2016"]
[Site "Klatovy CZE"]
[Date "2016.07.08"]
[Round "7.15"]
[White "Kozak, Milos"]
[Black "Zizka, Petr"]
[Result "1/2-1/2"]
[WhiteElo "2152"]
[BlackElo "2004"]
[PlyCount "37"]
[EventDate "2016.07.02"]
[EventType "swiss"]
[EventRounds "9"]
[EventCountry "CZE"]

1. d4 Nf6 2. Nf3 g6 3. c4 Bg7 4. Nc3 d6 5. g3 O-O 6. Bg2 Nc6 7. O-O a6 8. Re1 Rb8 9. Rb1 Na5 10. Qa4 c6 11. c5 b5 12. cxb6 Qxb6 13. e4 e5 14. dxe5 Ng4 15. Qc2 Nc4 16. h3 Ngxe5 17. Nxe5 Bxe5 18. Kh2 Qa5 19. Bh6 1/2-1/2

[Event "24th Klatovy A 2016"]
[Site "Klatovy CZE"]
[Date "2016.07.08"]
[Round "7.17"]
[White "Stolc, Martin"]
[Black "Chmel, Kristian"]
[Result "0-1"]
[WhiteElo "2042"]
[BlackElo "2114"]
[PlyCount "77"]
[EventDate "2016.07.02"]
[EventType "swiss"]
[EventRounds "9"]
[EventCountry "CZE"]

1. e4 c5 2. f4 d5 3. e5 Nc6 4. Bb5 Bf5 5. d3 Qa5+ 6. Bd2 Qxb5 7. Nc3 Qb6 8. Nxd5 Qd8 9. Ne3 Bd7 10. Nf3 e6 11. Ng5 Nxe5 12. fxe5 Qxg5 13. O-O Bc6 14. Ng4 Qe7 15. Qe2 g6 16. Rf2 h5 17. Ne3 Nh6 18. Nc4 Qd7 19. Raf1 Nf5 20. Bg5 Bd5 21. Bf6 Rh7 22. Nd2 Be7 23. Ne4 Bxe4 24. dxe4 Nd4 25. Qe3 Bxf6 26. exf6 O-O-O 27. c3 Nc6 28. Qxc5 Qd6 29. Qc4 Qd3 30. Qa4 h4 31. Rf3 Qd7 32. b4 Ne5 33. Qxa7 Nxf3+ 34. gxf3 Qc6 35. Rf2 Rh5 36. f4 Rd1+ 37. Rf1 Rxf1+ 38. Kxf1 Qxe4 39. Qa8+ 0-1

[Event "24th Klatovy A 2016"]
[Site "Klatovy CZE"]
[Date "2016.07.08"]
[Round "7.18"]
[White "Slovak, Kilian"]
[Black "Skopec, Lubos"]
[Result "1-0"]
[WhiteElo "2108"]
[BlackElo "1985"]
[PlyCount "77"]
[EventDate "2016.07.02"]
[EventType "swiss"]
[EventRounds "9"]
[EventCountry "CZE"]

1. e4 e5 2. Nf3 Nf6 3. Nxe5 d6 4. Nf3 Nxe4 5. Nc3 Nxc3 6. dxc3 Be7 7. Be3 Nc6 8. Be2 Be6 9. O-O h6 10. Re1 Qd7 11. Nd4 Nxd4 12. cxd4 d5 13. Qd2 O-O 14. b3 c6 15. Bd3 f5 16. Bf4 Rae8 17. Re2 Bf6 18. Be5 Bxe5 19. Rxe5 Rf6 20. f4 g6 21. Rae1 Kf7 22. c3 Qd6 23. Qe3 Qd8 24. g4 Bd7 25. gxf5 gxf5 26. c4 Rxe5 27. Qxe5 Rg6+ 28. Kh1 Qf6 29. cxd5 Qxe5 30. fxe5 cxd5 31. Rg1 Rg4 32. Rxg4 fxg4 33. Kg2 Be6 34. Kg3 Ke7 35. Kh4 Kf7 36. Be2 Bf5 37. Bxg4 Bb1 38. a3 Kg6 39. Bf3 1-0

[Event "24th Klatovy A 2016"]
[Site "Klatovy CZE"]
[Date "2016.07.08"]
[Round "7.19"]
[White "Horak, Martin"]
[Black "Hajek, Jiri2"]
[Result "1-0"]
[WhiteElo "2107"]
[BlackElo "1981"]
[PlyCount "85"]
[EventDate "2016.07.02"]
[EventType "swiss"]
[EventRounds "9"]
[EventCountry "CZE"]

1. d4 Nf6 2. c4 e5 3. dxe5 Ng4 4. e4 Nxe5 5. f4 Ng6 6. Be3 Bb4+ 7. Nd2 Qe7 8. Qc2 b6 9. Ngf3 Bb7 10. Bd3 Na6 11. O-O-O O-O-O 12. Nd4 Rhe8 13. Nf5 Qf8 14. Nb3 Ne7 15. e5 Nxf5 16. Bxf5 g6 17. Bh3 Nc5 18. Nxc5 Bxc5 19. Rhe1 Bxe3+ 20. Rxe3 f6 21. c5 f5 22. Rc3 b5 23. g3 Qg8 24. Ra3 a6 25. Bg2 Bxg2 26. Qxg2 Qc4+ 27. Rc3 Qe4 28. Qxe4 fxe4 29. Rd4 Kb7 30. Rxe4 d6 31. cxd6 cxd6 32. Rd3 h5 33. Kd2 Kc6 34. Red4 d5 35. Rc3+ Kb6 36. Ke3 h4 37. Rd2 g5 38. Kd4 hxg3 39. f5 b4 40. Rxg3 Rc8 41. b3 Rh8 42. e6 Rh4+ 43. Ke5 1-0

[Event "24th Klatovy A 2016"]
[Site "Klatovy CZE"]
[Date "2016.07.08"]
[Round "7.20"]
[White "Zilavy, Jan"]
[Black "Kuba, Stanislav"]
[Result "1-0"]
[WhiteElo "2030"]
[BlackElo "2156"]
[PlyCount "83"]
[EventDate "2016.07.02"]
[EventType "swiss"]
[EventRounds "9"]
[EventCountry "CZE"]

1. e4 e5 2. Nf3 Nc6 3. d4 exd4 4. Nxd4 d6 5. Nxc6 bxc6 6. Bc4 Nf6 7. O-O Be7 8. Nc3 O-O 9. Qf3 Nd7 10. Bf4 Bf6 11. Bb3 Nc5 12. Rad1 Nxb3 13. axb3 Qe7 14. e5 dxe5 15. Qxc6 Bf5 16. Nd5 Qd6 17. Nxf6+ Qxf6 18. Qxf6 gxf6 19. Bh6 Rfd8 20. Rxd8+ Rxd8 21. c3 Be6 22. b4 f5 23. g3 Rd6 24. Ra1 a6 25. b5 Bc4 26. bxa6 Bxa6 27. Be3 f4 28. Bc5 Rc6 29. b4 Kg7 30. f3 fxg3 31. hxg3 Rf6 32. f4 Bb7 33. Ra7 Bd5 34. Rxc7 Rg6 35. Kf2 exf4 36. gxf4 Rg2+ 37. Ke3 Rg3+ 38. Kd4 Be6 39. b5 Rg1 40. b6 Rb1 41. b7 h5 42. Ba7 1-0

[Event "24th Klatovy A 2016"]
[Site "Klatovy CZE"]
[Date "2016.07.08"]
[Round "7.21"]
[White "Holy, Filip"]
[Black "Miesbauer, Jan"]
[Result "0-1"]
[WhiteElo "1977"]
[BlackElo "2321"]
[PlyCount "64"]
[EventDate "2016.07.02"]
[EventType "swiss"]
[EventRounds "9"]
[EventCountry "CZE"]

1. e4 e6 2. d4 d5 3. Nc3 Nf6 4. e5 Nfd7 5. f4 c5 6. Nf3 Nc6 7. Be3 Be7 8. Be2 O-O 9. O-O b6 10. Qe1 f6 11. exf6 Nxf6 12. Kh1 Ng4 13. Bg1 Rxf4 14. Qg3 Bd6 15. dxc5 Bb8 16. cxb6 axb6 17. Qe1 Bb7 18. Rd1 Qe8 19. Bb5 Qg6 20. Bd3 Qf6 21. a3 Nce5 22. Nxe5 Bxe5 23. Rxf4 Bxf4 24. h3 Ne5 25. Bf1 Ng6 26. Bxb6 Rf8 27. Bg1 Be5 28. Bh2 Nf4 29. a4 Qf5 30. Kg1 d4 31. Ne2 Nxh3+ 32. gxh3 Qf3 0-1

[Event "24th Klatovy A 2016"]
[Site "Klatovy CZE"]
[Date "2016.07.08"]
[Round "7.22"]
[White "Novy, Daniel"]
[Black "Barrish, Daniel"]
[Result "0-1"]
[WhiteElo "1987"]
[BlackElo "2183"]
[PlyCount "108"]
[EventDate "2016.07.02"]
[EventType "swiss"]
[EventRounds "9"]
[EventCountry "CZE"]

1. e4 c5 2. Nf3 e6 3. d4 cxd4 4. Nxd4 a6 5. Bd3 Nf6 6. Nc3 Qc7 7. O-O d6 8. Be3 b5 9. a3 Bb7 10. f4 Nbd7 11. Kh1 Nc5 12. Qf3 h5 13. f5 e5 14. Nb3 h4 15. Bg5 h3 16. g3 Be7 17. Bxf6 Bxf6 18. Nd5 Bxd5 19. exd5 Na4 20. Rab1 Rc8 21. Nd2 Nc5 22. c3 Bg5 23. Ne4 Nxe4 24. Qxe4 Ke7 25. Rbe1 Qc5 26. Qf3 a5 27. Ra1 Ra8 28. Rfe1 Kf6 29. Qe4 Rab8 30. Bf1 b4 31. axb4 axb4 32. c4 Ra8 33. Rxa8 Rxa8 34. Bxh3 Ra2 35. Rb1 Qf2 36. Qg2 Qe3 37. Qg1 Qd3 38. Rd1 Qc2 39. Rb1 Qxc4 40. Bg2 Qc2 41. h4 Be3 42. Qxe3 Qxb1+ 43. Kh2 Qxf5 44. Qb6 Qd7 45. Qxb4 g6 46. h5 Kg7 47. Qh4 Ra8 48. h6+ Kh7 49. Qf6 Kxh6 50. Bh3 Qc7 51. Bf5 Qd8 52. Qxf7 gxf5 53. Qxf5 Qg5 54. Qe6+ Qg6 0-1